Normal view
MARC view
Entry Personal Name
001 - CONTROL NUMBER
- control field: 1735
003 - CONTROL NUMBER IDENTIFIER
- control field: BD-DhCDI
005 - DATE AND TIME OF LATEST TRANSACTION
- control field: 20260209053558.0
008 - FIXED-LENGTH DATA ELEMENTS
- fixed length control field: 260209|| aca||aabn | a|a d
040 ## - CATALOGING SOURCE
- Original cataloging agency: BD-DhCDI
- Transcribing agency: BD-DhCDI
100 ## - HEADING--PERSONAL NAME
- Personal name: Lowndes, Leil
670 ## - SOURCE DATA FOUND
- Source citation: Work cat.: (BD-DhCDI)932: Lowndes, Leil., How to talk to anyone :, c1999.